Statistics for Play 'French Cancan' on the music sheet

Click here to take the quiz!

General Stats

  • This quiz has been taken 43 times
  • The average score is 37 of 47

Answers on the Map

Answers color-coded by a green-red scale on the quiz's map according to % correct below.
 

Answer Stats

Notes% Correct
C
100%
D
100%
F
100%
A
97%
D
97%
E
97%
G
97%
G
97%
G
97%
D
94%
D
94%
D
94%
E
94%
F
94%
E
91%
F
91%
A
88%
B
88%
C
88%
C
88%
D
88%
C
78%
D
78%
E
78%
F
78%
G
78%
D
75%
D
75%
E
75%
F
75%
G
75%
G
75%
A
69%
G
69%
D
66%
D
66%
E
66%
F
66%
D
63%
E
63%
F
63%
C
59%
D
59%
D
56%
G
56%
E
50%
C
47%

Score Distribution

Percentile by Number Answered

Percent of People with Each Score

Your Score History

You have not taken this quiz